000 01330nam a22002777a 4500
001 8793
003 FISKH
005 20251021100254.0
008 251021b cb ||||| |||| 00| 0 eng d
020 _a9788120777835
040 _aFISKH
_beng
_cFISKH
_dFISKH
082 _a398.2
100 _aAnonymous
245 _aThe Fox and the Raven /
260 _aNew Delhi :
_bSterling,
_c2012.
300 _a4 pages :
_bcolor illustrations ;
_c17 cm
490 _aFavourite fable
505 _aF
520 _aThe Fox and the Raven is a classic Aesop’s fable that teaches the importance of being wise and not easily fooled by flattery. The story begins with a raven who has found a piece of cheese and sits proudly on a tree branch. A clever and hungry fox notices the cheese and decides to trick the raven into dropping it. The fox flatters the raven, praising its beauty and suggesting it must have a lovely voice. Delighted by the compliments, the raven begins to sing, but as soon as it opens its beak, the cheese falls. The sly fox quickly grabs the cheese and runs away, leaving the raven embarrassed and hungry.
521 8 _a300
_bLexile estimate
521 8 _aF
_bRaz-Plus
650 _aAesop’s Fables
_vMoral Stories
650 _aAnimal Stories
_vClassic Tales
942 _2ddc
_cBK
_n0
999 _c8793
_d8793